[Event "Muensterland Verbandsklasse 1617"]
[Site "Germany"]
[Date "2017.03.25"]
[Round "8.8"]
[White "Albustin, Benedikt"]
[Black "Brambrink, Ulf"]
[Result "1-0"]
[WhiteElo "1879"]
[BlackElo "1754"]
[PlyCount "59"]
[EventDate "2016.09.24"]
[EventType "team"]
[EventRounds "9"]
[EventCountry "GER"]
[SourceTitle "EXT 2018"]
[Source "ChessBase"]
[SourceDate "2017.10.13"]
[SourceVersion "1"]
[SourceVersionDate "2017.10.13"]
[SourceQuality "1"]
[WhiteTeam "Nienberge II"]
[BlackTeam "Muenster Indische Dame"]
[WhiteTeamCountry "GER"]
[BlackTeamCountry "GER"]

1. e4 e5 2. Nf3 d6 3. d4 exd4 4. Nxd4 Nf6 5. Nc3 Be7 6. Bc4 0-0 7. 0-0 Nxe4 8. Nxe4 d5 9. Bd3 dxe4 10. Bxe4 Re8 11. Qd3 Bf6 12. Bxh7+ Kh8 13. Nf3 g6 14. Bxg6 fxg6 15. Qxg6 Re6 16. Bh6 Bxb2 17. Qh5 Qe8 18. Qh4 Bxa1 19. Rxa1 Nc6 20. Bd2+ Kg8 21. Bc3 Ne5 22. Nxe5 Rxe5 23. Qg3+ Kf7 24. Bxe5 Qf8 25. Re1 Bd7 26. Qf4+ Kg6 27. Qg3+ Kf7 28. Qg5 Re8 29. Qf6+ Kg8 30. Qg6+ 1-0

[Event "Muensterland Verbandsklasse 1617"]
[Site "Germany"]
[Date "2017.02.11"]
[Round "6.8"]
[White "Merkentrup, Ralf"]
[Black "Albustin, Benedikt"]
[Result "0-1"]
[WhiteElo "1592"]
[BlackElo "1879"]
[PlyCount "52"]
[EventDate "2016.09.24"]
[EventType "team"]
[EventRounds "9"]
[EventCountry "GER"]
[SourceTitle "EXT 2018"]
[Source "ChessBase"]
[SourceDate "2017.10.13"]
[SourceVersion "1"]
[SourceVersionDate "2017.10.13"]
[SourceQuality "1"]
[WhiteTeam "Beelen II"]
[BlackTeam "Nienberge II"]
[WhiteTeamCountry "GER"]
[BlackTeamCountry "GER"]

1. d4 Nf6 2. Bf4 g6 3. Nc3 d5 4. e3 Bg7 5. h4 0-0 6. Bd3 c5 7. dxc5 Qa5 8. Qd2 Qxc5 9. Nge2 Nc6 10. Nc1 e5 11. Nb3 Qb6 12. Bg5 d4 13. exd4 exd4 14. Ne2 Ng4 15. h5 Nce5 16. hxg6 fxg6 17. 0-0 Nxd3 18. cxd3 Be6 19. Na5 Rf5 20. Nc4 Bxc4 21. dxc4 Qc7 22. Ng3 Raf8 23. Bh4 Rxf2 24. Rxf2 Rxf2 25. Qg5 Qd7 26. Re1 Bf6 0-1

[Event "Muensterland Verbandsklasse-A 0506"]
[Site "Germany"]
[Date "2006.03.25"]
[Round "3.6"]
[White "Albustin, Benedikt"]
[Black "Heine, Rolf"]
[Result "1/2-1/2"]
[WhiteElo "1911"]
[BlackElo "2029"]
[PlyCount "54"]
[EventDate "2005.09.03"]
[EventType "team"]
[EventRounds "9"]
[EventCountry "GER"]
[SourceTitle "EXT 2006"]
[Source "ChessBase"]
[SourceDate "2005.11.24"]
[SourceVersion "1"]
[SourceVersionDate "2005.11.24"]
[SourceQuality "1"]
[WhiteTeam "Nienberge"]
[BlackTeam "Sendenhorst"]
[WhiteTeamCountry "GER"]
[BlackTeamCountry "GER"]

1. e4 c5 2. Nf3 Nc6 3. d4 cxd4 4. Nxd4 e5 5. Nb5 d6 6. N1c3 a6 7. Na3 b5 8. Nd5 Nf6 9. Bg5 Be7 10. Bxf6 Bxf6 11. c3 Rb8 12. Nc2 Bg5 13. h4 Bxh4 14. g3 Bg5 15. f4 exf4 16. gxf4 Bh4+ 17. Kd2 Be6 18. Bd3 g5 19. Qh5 Kd7 20. Qh6 Bg3 21. fxg5 Bxd5 22. Qh3+ Be6 23. Qxg3 Rg8 24. Rag1 Ne5 25. Rxh7 Rxg5 26. Qf2 Rxg1 27. Qxg1 Qg5+ 1/2-1/2

[Event "Muensterland Verbandsklasse-A 0506"]
[Site "Germany"]
[Date "2006.01.21"]
[Round "5.6"]
[White "Albustin, Benedikt"]
[Black "Noering, Andreas"]
[Result "1-0"]
[WhiteElo "1911"]
[BlackElo "1801"]
[PlyCount "139"]
[EventDate "2005.09.03"]
[EventType "team"]
[EventRounds "9"]
[EventCountry "GER"]
[SourceTitle "EXT 2006"]
[Source "ChessBase"]
[SourceDate "2005.11.24"]
[SourceVersion "1"]
[SourceVersionDate "2005.11.24"]
[SourceQuality "1"]
[WhiteTeam "Nienberge"]
[BlackTeam "Emsdetten Rochade"]
[WhiteTeamCountry "GER"]
[BlackTeamCountry "GER"]

1. e4 c5 2. Nf3 d6 3. d4 cxd4 4. Nxd4 Nf6 5. Nc3 g6 6. Be3 Bg7 7. Bc4 Nc6 8. f3 a6 9. Qd2 Qc7 10. Bb3 h5 11. 0-0-0 Ne5 12. Qe2 b5 13. Kb1 Bb7 14. f4 Nc4 15. Bc1 Rc8 16. f5 g5 17. Nd5 Nxd5 18. exd5 Bf6 19. Rhe1 Qc5 20. Qd3 Qxd4 21. Qxd4 Bxd4 22. Rxd4 f6 23. a4 Rc5 24. axb5 axb5 25. Bxc4 bxc4 26. Red1 Kd7 27. b4 cxb3 28. cxb3 Rhc8 29. Ba3 Rc2 30. R1d2 Rxd2 31. Rxd2 Ra8 32. Bb4 Rb8 33. Bc3 Ba8 34. Kb2 Rb5 35. Ka3 Bxd5 36. b4 Bc6 37. Rf2 Be4 38. Ka4 Kc6 39. Re2 d5 40. Rf2 Rb8 41. Bd4 Ra8+ 42. Kb3 Bd3 43. Bc5 Bc4+ 44. Kc3 Ra3+ 45. Kd2 Kd7 46. h3 h4 47. Kd1 Ra1+ 48. Kd2 Ra2+ 49. Ke3 Rxf2 50. Kxf2 e6 51. fxe6+ Kxe6 52. Bd4 Bb5 53. g3 Kf5 54. gxh4 gxh4 55. Kg2 Kg5 56. Bc3 Kh5 57. Kf2 Bd7 58. Kg2 f5 59. Kf3 Bb5 60. Kf4 Kg6 61. Be1 Bf1 62. Bxh4 d4 63. Bf2 d3 64. Be3 Bxh3 65. b5 Bg2 66. b6 Kf6 67. Bd2 Ke6 68. Be3 Be4 69. Bd2 Kd5 70. b7 1-0

[Event "Muensterland Verbandsklasse-A 0405"]
[Site "Muensterland"]
[Date "2005.03.19"]
[Round "8.4"]
[White "Albustin, Benedikt"]
[Black "Frie, Michael"]
[Result "0-1"]
[WhiteElo "1914"]
[BlackElo "1913"]
[PlyCount "60"]
[EventDate "2004.09.11"]
[EventType "team"]
[EventRounds "9"]
[EventCountry "GER"]
[SourceTitle "EXT 2006"]
[Source "ChessBase"]
[SourceDate "2005.11.24"]
[SourceVersion "1"]
[SourceVersionDate "2005.11.24"]
[SourceQuality "1"]
[WhiteTeam "Nienberge"]
[BlackTeam "Muenster Indische Dame"]
[WhiteTeamCountry "GER"]
[BlackTeamCountry "GER"]

1. e4 c5 2. Nf3 Nc6 3. d4 cxd4 4. Nxd4 d6 5. Nc3 Nf6 6. Be2 e6 7. Be3 Be7 8. 0-0 0-0 9. f4 a6 10. a4 Bd7 11. Kh1 Rc8 12. Bf3 Nxd4 13. Bxd4 Bc6 14. a5 d5 15. Bb6 Qd7 16. e5 Ne8 17. f5 Bb4 18. fxe6 fxe6 19. Na2 Be7 20. Nc1 g6 21. c3 Ng7 22. Qd4 Bb5 23. Ne2 Rxf3 24. Rxf3 Bxe2 25. Rf2 Bc4 26. Qd1 Qb5 27. Qg4 Bd3 28. Qd4 Be4 29. Raf1 Nf5 30. Qd2 h6 0-1